ARRUPE JESUIT UNIVERSITY

CORONAVIRUS -STOP THE SPREAD - CLEAN,DISINFECT,COVER

The morality of freedom. (Record no. 131854)

MARC details
000 -LEADER
fixed length control field 00388nam a22001457a 4500
008 - FIXED-LENGTH DATA ELEMENTS--GENERAL INFORMATION
fixed length control field 240402b |||||||| |||| 00| 0 eng d
020 ## - INTERNATIONAL STANDARD BOOK NUMBER
International Standard Book Number 0198247729
050 ## - LIBRARY OF CONGRESS CALL NUMBER
Classification number JC571.R39 1986
100 ## - MAIN ENTRY--PERSONAL NAME
Personal name Raz , Joseph
9 (RLIN) 52608
245 ## - TITLE STATEMENT
Title The morality of freedom.
Statement of responsibility, etc Joseph Raz.
300 ## - PHYSICAL DESCRIPTION
Extent ix;
Other physical details 435p,
Dimensions 22cm.
650 ## - SUBJECT ADDED ENTRY--TOPICAL TERM
General subdivision liberty.
9 (RLIN) 7967
650 ## - SUBJECT ADDED ENTRY--TOPICAL TERM
General subdivision Authority.
9 (RLIN) 11286
942 ## - ADDED ENTRY ELEMENTS (KOHA)
Source of classification or shelving scheme Library of Congress Classification
Item type Monograph ( Printed materials)
Holdings
Withdrawn status Lost status Source of classification or shelving scheme Damaged status Not for loan Home library Current library Shelving location Date acquired Total Checkouts Full call number Barcode Date last seen Price effective from Koha item type
    Library of Congress Classification     ARRUPE LIBRARY ARRUPE LIBRARY Main Collection 02/04/2024   JC571.R39 1986 46700000157 02/04/2024 02/04/2024 Monograph ( Printed materials)

 

Arrupe Library. PO Box MP320 Mt Pleasant, Harare, Zimbabwe
263 242 745411|librarian@aju.ac.zw